000 00256nam a2200121Ia 4500
100 _aGokharu.
942 _cBK
654 _aGrinding
245 _aCentreless Grinding
260 _bD.B.Taraporevala sons &co.
_c2001
082 _a671.3
546 _aENGLISH
999 _c18617
_d18617